000 00228nam a22000857a 4500
008 160920b xxu||||| |||| 00| 0 eng d
100 _9676
_aSharma.J.P.
245 _aBiology Activities-XII
260 _aNew Delhi
_bLP. Publications
_c2011
999 _c3333
_d3333